{"text_format":"3","workbook":"xlsx","n_sheets":1,"sheets":["Sheet1"],"read":"whole","date_system":"1900"}

{"sheet":"Sheet1","index":0,"n_rows":33,"n_cols":8,"rows_kept":33,"merged":[[1,1,1,7],[31,1,31,3],[31,4,31,7]]}
[]
["序号","2024-2025（2）动物工程系实训耗材第一批采购项目-宠物用品"]
[1,"耗材名称","耗材规格（如有具体尺寸请写上）","单位","数量","参考单价","单项控制价","分类"]
[2,"P绳","1.5m","根",10,25,250,"宠物用品"]
[3,"贝特爱思染色剂petesthe宠物染毛膏犬用染毛用","贝特爱思染色剂petesthe，13支","套",1,1600,1600,"宠物用品"]
[4,"宠物带保护头粘珠针梳","船记，宠物带保护头粘珠针梳，中","把",1,50,50,"宠物用品"]
[5,"宠物电动洗澡起泡器","凡呱，1.2升，1500mAh,7200转，","个",1,140,140,"宠物用品"]
[6,"宠物电推剪","英绅L8-8780","把",2,240,480,"宠物用品"]
[7,"宠物尿垫","瓜洲牧，L-大型","袋",10,20,200,"宠物用品"]
[8,"宠物绒毛梳开结刮毛刀器底耙y型","乐比，宽齿12齿","把",1,100,100,"宠物用品"]
[9,"宠物眼睛角膜炎硼酸洗眼液","八牧，10ml","瓶",2,60,120,"宠物用品"]
[10,"宠物浴液","贝特爱思（白毛犬）3升","桶",2,580,1160,"宠物用品"]
[11,"宠物浴液","贝特爱思（猫用）3升","桶",2,580,1160,"宠物用品"]
[12,"宠物浴液","贝特爱思（通用护毛素）3升","桶",2,580,1160,"宠物用品"]
[13,"宠物浴液","澳洲PlushPuppy梗毛犬雪纳瑞专用","桶",2,280,560,"宠物用品"]
[14,"宠物浴液","沐森堂雅漱双管二合一，红茶480ml","瓶",2,160,320,"宠物用品"]
[15,"宠物浴液","沐森堂雅漱双管二合一，紫苏480ml","瓶",2,160,320,"宠物用品"]
[16,"宠物止血膏","台湾Dog&Cat猫咪止血膏猫15g\n","盒",2,50,100,"宠物用品"]
[17,"针梳（长针）","品牌：船记，双紫星软针10*6","把",10,70,700,"宠物用品"]
[18,"直剪","7寸，钻石剪","把",2,400,800,"宠物用品"]
[19,"小电推","科德士CP-6800",null,2,180,360,"宠物用品"]
[20,"眼部专用护理液","沐森堂金缕梅竹炭护理液，100ml","瓶",1,120,120,"宠物用品"]
[21,"耳漂","维克，EP60ml","瓶",10,70,700,"宠物用品"]
[22,"排梳","船记，赛级款DL-143-2,3.2cm齿长，19cm长，半宽半密","把",2,150,300,"宠物用品"]
[23,"航空箱","中号","个",2,200,400,"宠物用品"]
[24,"航空箱","小号","个",2,150,300,"宠物用品"]
[25,"长牵绳","10m","根",1,60,60,"宠物用品"]
[26,"犬飞盘","235mm","个",30,30,900,"宠物用品"]
[27,"犬粮","3斤/袋","袋",3,45,135,"宠物用品"]
[28,"角膜塑形镜专用冲洗瓶","500ml","个",20,7,140,"宠物用品"]
[null,"朗诺主食冻干","400g","袋",10,120,1200,"宠物用品"]
[null,"总控制价（元）：",null,null,{"$f":"SUM(G4:G31)","v":13835}]
[null,"注：1.此表单价为参考价格，报价不得超过控制价；2.可将此表修改为报价单，但其中序号、耗材品名、型号规格、单位、数量不得修改。"]